000 01491cam a2200205 a 4500
999 _c6165
_d6165
020 _a0471180211 (pbk. : alk. paper)
022 _a9780471180210
050 0 0 _aHF5549.5.T7
_bH14
100 1 _aHall, Brandon,
245 1 0 _aWeb-based training cookbook /
_cBrandon Hall.
260 _aNew York :
_bWiley,
_cc1997.
300 _axii, 482 p. :
_bill. ;
_c24 cm. +
_e1 computer laser optical disc (4 3/4 in.)
500 _aIncludes index.
505 _aCh. 1. Examples of Web-Based Training -- Ch. 2. FAQs: Frequently Asked Questions about Web-Based Training -- Ch. 3. Internet Technology Basics -- Ch. 4. Hardware and Software You Need -- Ch. 5. The Development Process -- Ch. 6. Building a Business Case for Web-Based Training -- Ch. 7. Planning for Technology and Converting Your Curriculum -- Ch. 8. Designing Courses for the Web -- Ch. 9. Online Testing -- Ch. 10. Program Administration -- Ch. 11. Level 1 Courses: Text and Graphics -- Ch. 12. Level 2 Courses: Interactive Text and Graphics -- Ch. 13. Level 3 Courses: Interactive Multimedia -- App. A. Sample Proposal -- App. B. Criteria for Evaluating Programs -- App. C. Legal Issues -- App. D. Online Curriculum Providers -- App. E. Sample Code -- App. F. About the CD-ROM and Web Site. Appendices. Index.
650 0 _aEmployees
_xTraining of
_xInteractive multimedia.
650 0 _aEmployees
_xTraining of
_xComputer-assisted instruction.
650 0 _aWeb sites
_xDesign.
650 0 _aWeb publishing.
942 _cBK